000 00478nam a2200157 i 4500
001 29090
003 ES-MaACL
005 20230906153956.0
007 t|
008 030121q1951 sp ||||1| cat d
100 1 _aBalasch y Torrell, Antonio.
_924831
245 1 0 _aPoema Montserrati
_b: (batees de la Muntanya Santa)... /
_cAntoni Balasch i Torrell.
260 _a[S.l. :
_bs.n.,
_c1951] (
_fImp. Farré)
300 _a33 p. ;
_c19 cm.
852 _aES-MaACL
_j1927-F-18
_bR.31166
999 _c29090
_d29090